¿Hacia dónde irá Centroamérica?
Сохранить в:
| Главный автор: | |
|---|---|
| Формат: | Текст |
| Язык: | Spanish |
| Метки: |
Добавить метку
Нет меток, Требуется 1-ая метка записи!
|
MARC
| LEADER | 00000 a a2200000 04500 | ||
|---|---|---|---|
| 001 | 1451 | ||
| 003 | cru CIDCACS/IIS | ||
| 005 | 20230828122209.0 | ||
| 008 | 210521b |||||||| |||| 00| 0 spa d | ||
| 040 | |c CRAI-IIS | ||
| 100 | |a Quesada C., Juan Rafael | ||
| 245 | |a ¿Hacia dónde irá Centroamérica? |c Juan Rafael Quesada C. | ||
| 500 | |a Colección Centroamérica | ||
| 773 | |g número 87; páginas 6-7 | ||
| 942 | |2 ddc |c PP | ||
| 999 | |c 20586 |d 20586 | ||
| 773 | 0 | |0 41842 |9 7413 |d San José, Costa Rica: Editorial Aportes para la Educación, |o 05062 |t Aportes / |x sin ISSN | |
